| 000 | 00620nam a2200205 a 4500 | ||
|---|---|---|---|
| 005 | 20140310183355.0 | ||
| 008 | 120920s19uu xx 00 eng d | ||
| 020 | _a0534606784 | ||
| 050 |
_aHD 30.3 _b.H35 2005 |
||
| 100 | _aHamilton, Cheryl | ||
| 245 |
_aCommunicating for results : _ba guide for business and professions / _cCheryl Hamilton. |
||
| 250 | _a7th ed. | ||
| 260 |
_aAustralia : _bWadsworth Cengage Learning, _c2005. |
||
| 300 |
_axxii, 410 p. : _bcol. ill. ; _c26 cm. |
||
| 500 | _aIncludes index | ||
| 521 | _aMC | ||
| 650 | _aCommunication in management | ||
| 942 |
_cBK _2lcc _kFOR |
||
| 999 |
_c22203 _d22203 |
||